[Event "EICC 2017"]
[Site "Minsk"]
[Date "2017.06.09"]
[Round "10"]
[White "Bortnyk, Olexandr"]
[Black "Ivanisevic, Ivan"]
[Result "1/2-1/2"]
[WhiteElo "2567"]
[BlackElo "2638"]
[Annotator "TA"]
[PlyCount "90"]
[EventDate "2017.??.??"]
[EventCountry "BLR"]
[SourceTitle "playchess.com"]
[Source "ChessBase"]
[SourceQuality "1"]

{[%evp 20,90,0,3,13,-13,-6,-16,-6,-15,-15,-15,-20,-20,-16,-16,-25,-13,-21,-21,-16,-9,-16,-19,-10,-15,0,-110,-108,-111,-97,-85,-39,-82,-14,-10,0,0,0,0,0,0,0,0,0,0,0,0,0,0,0,0,0,0,0,0,0,0,0,0,0,0,0,0,0,0,0,0,0,0,0,0,0]} 1. e4 c5 2. Nf3 e6 3. Nc3 d6 4. d4 cxd4 5. Nxd4 Nf6 6. g3 Be7 7. Bg2 O-O 8. O-O Nc6 9. h3 Bd7 10. Be3 Nxd4 11. Qxd4 Bc6 {B80: Sicilian Scheveningen: 6 g3 and 6 Be3, including English Attack} 12. Rad1 Qb8 $146 ({Predecessor:} 12... Nd7 13. f4 Qc7 14. Qd3 Nc5 15. Qe2 a5 16. Bxc5 dxc5 {1-0 (31) Onischuk,V (2614)-Pugachov,I (2150) Lvov 2016}) 13. g4 h6 14. f4 b5 {[%cal Bb7b5,Bb5b4][%mdl 32]} 15. e5 Bxg2 16. Kxg2 b4 17. exf6 Bxf6 18. Qxd6 Qb7+ $1 19. Nd5 $1 exd5 20. Qxd5 Qa6 21. b3 Rac8 {Threatens to win with ...Rfe8.} 22. Rf2 $1 Rfe8 23. Qf3 (23. Rd3 $11) 23... Rc3 $17 {[%mdl 1024] Black has strong compensation.} 24. Re2 Bh4 25. Rdd2 Qc8 26. Kf1 Bf6 (26... a5 $17) 27. Kg2 $11 {The position is equal.} Bd8 28. Qd5 Qa6 {[#] ...Bb6 is the strong threat.} 29. Qd7 Rexe3 30. Qxd8+ Kh7 31. Rxe3 Rxe3 {[%mdl 4096] Endgame KQR-KQR} 32. Qd5 Qg6 33. Qc4 Rc3 34. Qe2 f5 35. Kh2 fxg4 36. Qxg4 Qe4 (36... h5 $5 {[%cal Rh5g4]} 37. Qh4 Qf5 $11) 37. Rg2 {[%csl Gg2][%cal Rg4g7] [#]} Rc7 38. f5 $40 {[%mdl 128] White has some attack.} Qe5+ 39. Qg3 Rc5 40. Qxe5 Rxe5 {KR-KR} 41. Rf2 Kg8 42. Kg3 Kf7 43. Rf4 a5 44. Rc4 Rxf5 45. c3 bxc3 {Precision: White = 74%, Black = 66%.} 1/2-1/2

[Event "EICC 2017"]
[Site "Minsk"]
[Date "2017.06.09"]
[Round "10"]
[White "Predke, Alexandr"]
[Black "Mazur, Stefan"]
[Result "1-0"]
[WhiteElo "2566"]
[BlackElo "2459"]
[Annotator "TA"]
[PlyCount "131"]
[EventDate "2017.??.??"]
[EventCountry "BLR"]
[SourceTitle "playchess.com"]
[Source "ChessBase"]
[SourceQuality "1"]

{[%evp 11,131,19,20,34,35,14,40,29,25,33,41,52,36,27,54,52,60,58,70,65,55,54,62,44,46,39,41,35,41,34,47,0,0,-14,49,39,63,58,52,61,47,51,144,85,82,63,54,55,98,107,150,150,154,160,153,137,102,98,98,98,114,66,66,66,66,52,66,66,72,72,72,81,79,79,81,72,87,72,72,72,119,92,101,85,86,93,91,95,123,104,118,105,121,59,183,66,58,53,198,177,239,0,253,271,243,210,657,640,756,695,2666,829,1561,1561,1398,1304,1173,1067,29966,12839,12840,12840]} 1. d4 Nf6 2. Nf3 g6 3. g3 Bg7 4. Bg2 O-O 5. O-O d6 6. b3 {[%cal Bb2b3,Bb3b4][%mdl 32]} a5 7. c4 {A49: 1 d4 Nf6 2 Nf3 g6 3 g3: Anti-King's Indian systems} (7. a4 e5 8. dxe5 dxe5 9. Bb2 e4 10. Qxd8 Rxd8 11. Nfd2 Bf5 12. Nc4 Nc6 13. Nba3 Nb4 14. Ne3 Nfd5 15. Bxg7 Nxe3 {½-½ (31) Levin,F (2528)-Maze,S (2617) Belgium 2017}) 7... a4 8. b4 d5 $146 (8... e5 $5) ({Predecessor:} 8... c5 9. bxc5 dxc5 10. Na3 cxd4 11. Nxd4 Na6 12. Nab5 Nd7 13. Be3 Ndc5 14. Qc1 Bd7 {1-0 (38) Szabo,L-Spassky,B Amsterdam/Leeuwarden 1956}) 9. cxd5 {White is slightly better.} Nxd5 10. a3 Nc6 {[%cal Bb8c6,Bc6a7,Ba7b5][%mdl 32]} 11. Bb2 Nb6 12. e3 Be6 13. Nbd2 Na7 14. Rc1 Nb5 15. Qe2 c6 16. Ne4 Nd6 17. Nfd2 (17. Nc5 $5 {[%cal Rc5e6]}) 17... Bd5 18. Rfd1 Nbc8 19. Nxd6 Nxd6 20. e4 {[%cal Be3e4,Be4e5,Be5e6][%mdl 32]} Be6 21. Nf3 (21. e5 $5 {[%cal Re5d6]} Nf5 22. Rc5 $14) 21... Bb3 22. Re1 f5 (22... e6 $11) 23. Nd2 $14 Bf7 24. e5 $36 {[%mdl 2048] White is pushing.} Nb5 25. e6 Be8 26. Nf3 Qb6 (26... f4 $14) 27. Rcd1 (27. Ne5 $142) 27... Rd8 28. Qc2 f4 29. g4 Qa6 30. Bf1 Rd5 31. Bc4 Qa8 32. Bxd5 cxd5 33. Rc1 Bc6 34. Ne5 Bxe5 35. Rxe5 Nd6 36. f3 Nc4 37. Ree1 Bb5 38. Qf2 Qa6 39. Rc2 Rf6 40. Bc1 Kg7 41. h4 Qd6 42. Kg2 Kf8 43. g5 Rf5 44. Qg1 Ke8 45. Kh1 {Strongly threatening h5.} Kd8 46. Rg2 Kc7 47. Rg4 Kb6 48. Qh2 Qb8 49. h5 Qf8 50. hxg6 (50. Rxf4 $6 Nxa3 51. Re5 Rxf4 $11) 50... hxg6 51. Qh6 (51. Rxf4 $6 Nxa3 52. Re5 Rxf4 $11) 51... Qe8 52. Rh4 ({Better is} 52. Qg7 $16) 52... Ne3 {[#]} (52... Nd6 $14) 53. Qh8 (53. Bxe3 $6 fxe3 54. Qh8 (54. Rxe3 Qc6 $15) 54... Qxh8 $14) ({White should play} 53. Qg7 $1 $18 Rxg5 54. Bxe3 fxe3 55. f4 (55. Rxe3 $2 Qc6 $19)) 53... Rf8 54. Qe5 Rf5 ({Black should try} 54... Nc2 $1 $14 55. Rg1 (55. Bxf4 Nxe1 56. Qxe1 Qc6 $16) 55... Qc8) 55. Qg7 $18 Rxg5 (55... Rf8 {was necessary.} 56. Bxe3 fxe3) 56. Rh8 $2 ({White must play} 56. Bxe3 $18 fxe3 57. f4 (57. Rxe3 $2 Qc8 $19)) 56... Rh5+ $2 {[%mdl 8192]} (56... Qc8 $1 $11 {and Black has nothing to worry.} 57. Bd2 (57. Rxc8 Rh5+ 58. Kg1 Rg5+ 59. Kh1 Rh5+ 60. Kg1 Rg5+ 61. Kh2 Rh5+ 62. Kg1 $11) (57. Bxe3 $2 Qc3 $19) 57... Qxe6) 57. Rxh5 gxh5 58. Qg5 ({Don't do} 58. Bxe3 $6 fxe3 59. Qe5 (59. Rxe3 Qc6 $16) 59... Qg6 $16) 58... Qb8 $2 (58... Qf8 59. Bxe3 (59. Qxh5 Qg7 $16) 59... fxe3) 59. Qxe7 Qg8 {[%csl Ge3][%cal Rg8g2] [#]} 60. Rg1 Qc8 61. Qd6+ (61. Qc5+ $142 Qxc5 62. dxc5+ Ka7 63. e7) 61... Ka7 62. Bxe3 fxe3 63. Qc5+ Qxc5 64. bxc5 ({Worse is} 64. dxc5 d4 $17) 64... Kb8 65. Rg8+ (65. e7 $142 Kc7 66. Rg8 Be8 67. Rxe8 Kd7 68. Rd8+ Kxe7 69. Rxd5 b5 70. cxb6) 65... Kc7 66. e7 {Precision: White = 63%, Black = 48%.} 1-0

[Event "EICC 2017"]
[Site "Minsk"]
[Date "2017.06.09"]
[Round "10"]
[White "Gelashvili, Tamaz"]
[Black "Yilmaz, Mustafa"]
[Result "0-1"]
[WhiteElo "2563"]
[BlackElo "2630"]
[Annotator "TA"]
[PlyCount "154"]
[EventDate "2017.??.??"]
[EventCountry "BLR"]
[SourceTitle "playchess.com"]
[Source "ChessBase"]
[SourceQuality "1"]

{[%evp 11,154,-16,-8,-19,-12,0,-11,-30,-35,-62,-70,-62,-52,-130,-125,-128,-129,-166,-90,-100,-108,-177,-156,-157,-87,-86,-85,-83,-83,-85,-77,-92,-77,-115,-111,-112,-118,-111,-101,-133,-130,-132,-150,-272,-131,-308,-308,-308,-308,-308,-308,-270,-259,-343,-293,-311,-252,-249,-263,-264,-267,-293,-237,-236,-103,-128,-49,-71,-42,-64,0,0,0,-72,0,-138,-130,-131,-119,-134,-126,-125,-118,-252,-219,-217,-208,-422,-371,-648,-663,-591,-515,-585,-570,-539,-529,-506,-488,-456,-174,-174,-174,-174,-21,-51,-62,-59,0,-56,-56,-56,-56,-143,-135,-845,-845,-840,-764,-714,-700,-1756,-1813,-1756,-1614,-1296,-1213,-1110,-962,-29968,-29970,-29966,-29970,-29970,-29970,-29970,-29968,-29970,-29971,-29980,-29981,-29984,-29985,-29984,-29982]} 1. e4 {[%cal Be2e4,Be4e5][%mdl 32]} c5 2. b3 g6 3. Bb2 Nf6 4. e5 Nd5 5. Nc3 (5. h4 Bg7 6. h5 Nc6 7. Nf3 d6 8. Bb5 Bg4 9. hxg6 hxg6 10. Rxh8+ Bxh8 11. Qe2 dxe5 12. Bxe5 Bxe5 13. Qxe5 {1-0 (35) Navara,D (2734)-Wojtaszek,R (2727) Huaian 2016}) 5... Nxc3 6. Bxc3 {B20: Sicilian: Unusual White 2nd moves} Bg7 {LiveBook: 5 Games} 7. h4 O-O $146 ({Predecessor:} 7... Nc6 8. h5 e6 9. Nf3 O-O 10. Bd3 d5 11. exd6 e5 12. Nh4 Qxd6 {1-0 (30) Elez,N (2162)-Roganovic,M (2485) Divcibare 2009}) 8. h5 {The position is equal.} d5 9. f4 (9. exd6 $5 exd6 10. Qf3 $11) 9... Nc6 10. Nf3 Bg4 11. h6 Bh8 12. Rh4 (12. Bb5 $15) 12... Qd7 $17 13. Bb5 Rac8 14. Qe2 a6 (14... Qf5 $1 $19 15. O-O-O Nb4 16. Bxb4 cxb4) 15. Bxc6 Rxc6 16. d3 (16. O-O-O $17 {keeps fighting.}) 16... Qf5 $19 17. g3 d4 (17... f6 $142 {White must now prevent ...fxe5.} 18. Kd2 fxe5 19. Rxg4 Qxg4) 18. Bd2 $17 Bxf3 19. Qxf3 {[#]} Bxe5 $1 {[%mdl 512]} 20. g4 (20. fxe5 Qxf3) 20... Qf6 21. Rh3 Bd6 $36 {[%mdl 2048] Black is really pushing.} 22. O-O-O Rfc8 $1 23. Kb1 b5 24. f5 c4 25. fxg6 hxg6 26. h7+ Kh8 27. Qd5 (27. Qxf6+ $17 exf6 28. Bh6) 27... Rc5 (27... cxb3 $19 28. cxb3 Rc2) 28. Qh1 $2 (28. Qe4 $17) 28... cxb3 $19 29. cxb3 Rc2 {...Qf2 is the strong threat.} 30. Rc1 Rxc1+ 31. Bxc1 Qf2 32. Bb2 Qc2+ 33. Ka1 Be5 34. Qf3 f6 35. Rh1 Qc6 $1 {[%cal Rc6f3]} 36. Qh3 Qd5 37. g5 Rc7 (37... f5 $19 {is more deadly.} 38. Re1 Qd6) 38. Re1 a5 ({Don't take} 38... fxg5 39. Qh6 $15) (38... Rc2 $17 39. Qh6 Qf7) 39. Qh6 $15 Qf7 40. Qh1 {Intending Qa8+ and mate.} Qe8 ({Of course not} 40... Qxh7 $6 41. Qd5 $16) (40... Rc8 $1 $15) 41. Qd5 $11 Kxh7 42. a3 (42. Rh1+ $11 Kg7 43. Bc1) 42... Rc6 (42... a4 $17 {Strongly threatening ...Qg8.} 43. bxa4 bxa4 44. Rh1+ Kg7) 43. Rxe5 (43. Rh1+ $11 {keeps the balance.} Kg7 44. Bc1) 43... fxe5 $17 44. Qxe5 $11 {[%mdl 4096] Endgame KQR-KQB} Qf8 45. Qxd4 Rd6 ({Don't play} 45... Qf1+ $6 46. Ka2 $11) 46. Qe5 a4 47. b4 (47. Bd4 $17) 47... Kg8 $1 $19 48. Qxb5 Qa8 49. Qc4+ $2 (49. Bc3 {was worth a try.}) 49... Qd5 50. b5 $2 (50. Qc2 Kf8 51. Qxa4) 50... Qxc4 51. dxc4 {KR-KB} Kf7 52. Bc3 Ke6 53. Kb2 Rd3 54. Kc2 Rf3 55. c5 {[%cal Bc4c5,Bc5c6,Bc6c7][%mdl 32]} Rf8 $2 (55... Kd5 {aiming for ...Kc4.} 56. Bb4 Rf4) 56. c6 Rb8 $1 {[%cal Rb8b5]} 57. c7 Rf8 $2 (57... Re8 $1 $19 58. b6 Kd7) 58. Bg7 $1 $11 {[%cal Rg7f8]} Re8 {And now ...Kd7 would win.} 59. Kc3 $1 Kd6 60. b6 Kc6 61. Bd4 Kb7 $1 62. Bc5 {[#]} (62. Kb4 $1 $15) 62... e5 $1 $17 {[%cal Be7e5,Be5e4][%mdl 32]} 63. Kb4 $2 {[%mdl 8192]} (63. Kc4 $17) 63... e4 $19 64. Be3 Rf8 65. Kc4 {[#]} Rf1 $1 {[%cal Rf1d1]} 66. Bc5 Rd1 67. Kb5 Rd5 68. Kc4 Rxg5 69. Be3 Rg2 70. Kd5 Ra2 {Black mates.} 71. Bc5 {[#]} e3 $1 72. Bxe3 Rxa3 73. Bc5 Rb3 74. Ke6 Kc8 75. Kd6 a3 {[%cal Ba4a3,Ba3a2][%mdl 32]} 76. Kc6 a2 77. Bd4 g5 {Precision: White = 37%, Black = 61%.} 0-1

[Event "EICC 2017"]
[Site "Minsk"]
[Date "2017.06.09"]
[Round "10"]
[White "Kryakvin, Dmitry"]
[Black "Leko, Peter"]
[Result "1/2-1/2"]
[WhiteElo "2560"]
[BlackElo "2703"]
[Annotator "TA"]
[PlyCount "204"]
[EventDate "2017.??.??"]
[EventCountry "BLR"]
[SourceTitle "playchess.com"]
[Source "ChessBase"]
[SourceQuality "1"]

{[%evp 9,204,28,26,24,23,25,30,19,39,9,12,9,10,10,14,9,5,8,6,0,8,0,10,0,14,0,19,0,0,0,0,-13,-4,-9,0,-8,0,-12,-12,-19,-4,-21,-4,-16,0,0,0,0,0,0,0,0,0,0,0,0,0,0,0,0,0,0,0,0,0,0,0,0,0,0,46,55,47,56,95,55,57,0,0,0,0,0,122,122,131,135,120,102,127,127,137,141,161,161,179,168,147,183,183,142,142,130,142,142,142,142,139,113,178,77,176,184,360,214,152,117,232,217,208,196,205,198,175,0,171,113,189,195,171,148,155,64,64,23,129,122,137,137,131,84,63,0,127,0,0,0,0,0,0,0,0,0,0,0,0,0,0,0,0,0,0,0,0,0,0,0,0,0,0,0,0,0,0,0,0,0,0,0,0,0,0,0,0,0,0,0,0,0,0,0,0,0,0,0,0,0,0]} 1. d4 Nf6 2. Bf4 e6 3. e3 c5 4. c3 cxd4 5. exd4 b6 6. Nf3 {A45: Trompowsky Attack} Be7 7. h3 O-O 8. Nbd2 {White has an edge.} d6 (8... Ba6 9. Bxa6 Nxa6 10. O-O Qc8 11. a4 Nc7 12. Re1 {½-½ (32) Li,C (2722)-Wojtaszek,R (2734) Chartres 2017}) 9. Bh2 Ba6 $146 ({Predecessor:} 9... Qc7 10. Bd3 Ba6 11. Bxa6 Nxa6 12. a4 Qc6 13. Qe2 {1-0 (41) Sandipan,C (2585)-Tologontegin,S (2390) Al Ain 2015}) 10. Bxa6 Nxa6 11. a4 Nc7 12. Nc4 Ncd5 13. Qb3 a6 14. O-O Rb8 15. Ncd2 Nc7 16. Rfc1 b5 17. axb5 axb5 18. Ra7 Nfd5 19. Rca1 Qd7 20. Ne1 Qc6 21. Nd3 Rfc8 22. Bg3 h6 23. Qd1 Ra8 24. Rxa8 Nxa8 25. Nf4 Nab6 26. Nxd5 Qxd5 27. Ra7 Bf8 28. Nf1 Ra8 29. Ne3 (29. Rc7 $5 {[%cal Rf1e3]}) 29... Qc6 30. Qa1 Rxa7 31. Qxa7 Nc4 32. Nxc4 bxc4 33. Qb8 Qd5 34. Kh2 f6 35. f3 e5 36. Qe8 exd4 37. cxd4 {[%cal Bc3d4,Bd4d5][%mdl 32]} f5 38. Be1 Qf7 39. Qa8 Qe6 40. Bc3 Kf7 41. d5 Qd7 42. Qa6 Qc7 $1 43. Ba5 (43. Qa4 $1 $14) 43... Qe7 $11 44. Qxc4 Qe5+ 45. f4 Qe3 (45... Qxb2 $11 46. Qc8 g6) 46. Bc3 $16 h5 47. Qd4 $36 {[%mdl 2048] White has strong initiative.} Qe2 48. Qd2 Qc4 49. Kg3 Kg6 50. Kf2 h4 51. Qd4 Qb5 52. Kg1 Qe2 53. Kh2 Kh7 54. Qd2 Qc4 55. Kg1 Kg8 56. Kf2 Kh7 57. Qd4 Qb5 58. Ke3 Kg6 (58... Qf1 $16) 59. Qd3 $1 $18 {[%cal Rd3b5]} Qb6+ (59... Qa4 $16 60. Kf3 Qa8) 60. Kf3 Qb3 $2 (60... Qb7 61. Qc4 Be7) 61. Ke2 (61. g4 $142 hxg3 62. h4 (62. Kxg3 Qb7 $18)) 61... Qa4 {[#]} 62. Ke3 $1 Qb3 (62... Qa1 $16 {was called for.}) 63. Kd2 Qa2 {[#]} 64. Qb5 $1 {[%cal Rb5e8]} Kh7 65. Kc2 Kg8 66. Kd2 Kh7 $1 67. Ke2 ({White should play} 67. Ke3 $18) 67... Qa8 (67... g6 $16 68. Qe8 Qxd5 69. Qxf8 Qxg2+ 70. Kd1 Qf3+ 71. Kc2 Qe2+ 72. Kb3 Qb5+ 73. Bb4 Qd3+ 74. Ka4 Qc2+ 75. Ka3 Qd3+ 76. Ka4 Qc2+ 77. Ka3 Qd3+ 78. Ka4) 68. Qd3 Kg6 69. b4 Qa2+ 70. Bd2 (70. Kf1 $16) 70... Be7 $14 71. b5 Bf6 (71... Bd8 $1 $11) 72. Kf3 $16 Qb2 73. Be3 Bd8 74. Bf2 Qb4 75. Bd4 ({Better is} 75. b6 $1 $14) 75... Bf6 (75... Qe1 $1 $11 {keeps the balance.}) 76. Bxf6 (76. Be3 $16) 76... gxf6 {[%mdl 4096] Endgame KQ-KQ. The position is equal.} 77. g4 hxg3 $1 78. Kxg3 Qc5 79. Kg2 Qb4 80. h4 Kh6 81. Kf3 {h5 is the strong threat.} (81. h5 $5) 81... Qe1 82. Qd4 (82. h5 $5 {[%cal Rf3g2]}) 82... Qxh4 83. Ke2 Qg4+ 84. Kd2 Kg6 85. Kc3 {And now Qe3 would win.} Qe2 86. Kb4 {Black must now prevent Ka5.} Qa2 $1 87. Qc4 Qa7 88. Qc6 {aiming for b6.} Qd4+ 89. Ka5 Qa7+ 90. Qa6 Qc5 91. Qc6 {White threatens Qxc5 and mate.} Qa7+ 92. Kb4 {Hoping for b6.} Qd4+ 93. Qc4 Qa7 94. Qc3 Qb6 95. Ka4 Qa7+ (95... Qg1 {looks sharper.} 96. Ka5 Qa7+ 97. Kb4) 96. Kb3 Qb6 97. Kb4 Qa7 98. Qg3+ Kh6 99. Qd3 Kg6 100. Kb3 Qc5 101. Qc4 {Intending Qxc5 and mate.} Qe3+ 102. Kb4 Qa7 {Precision: White = 61%, Black = 61%.} 1/2-1/2

[Event "EICC 2017"]
[Site "Minsk"]
[Date "2017.06.09"]
[Round "10"]
[White "Chigaev, Maksim"]
[Black "Safarli, Eltaj"]
[Result "1/2-1/2"]
[WhiteElo "2559"]
[BlackElo "2668"]
[Annotator "TA"]
[PlyCount "96"]
[EventDate "2017.??.??"]
[EventCountry "BLR"]
[SourceTitle "playchess.com"]
[Source "ChessBase"]
[SourceQuality "1"]

{[%evp 12,96,-5,2,35,49,34,31,34,41,44,42,41,38,45,2,56,3,55,-13,-14,-10,-16,-18,-10,-16,-2,-10,-13,-13,-7,-27,-10,-10,-10,-10,-8,-8,0,0,0,-8,0,0,0,0,0,-4,30,30,30,57,43,31,34,22,26,18,22,0,10,0,0,0,11,20,41,0,14,0,0,0,0,0,0,8,0,4,18,0,0,0,0,0,7,0,0]} 1. d4 Nf6 2. Bg5 e6 3. e4 c5 4. Nd2 h6 5. Bh4 d5 (5... g5 6. Bg3 cxd4 7. e5 Nd5 8. h4 Nc6 9. hxg5 Qxg5 10. Ngf3 Qg7 11. Bb5 Ne3 12. Qc1 Nf5 {0-1 (40) Yu,Y (2729)-Leko,P (2693) Doha 2016}) 6. e5 {A45: Trompowsky Attack} g5 7. Bg3 {LiveBook: 11 Games} Ne4 (7... Nfd7 {feels hotter.} 8. dxc5 h5 9. h3 Nxc5 10. c3 Nc6) 8. Nxe4 {White is slightly better.} dxe4 9. dxc5 Qxd1+ 10. Rxd1 Bxc5 11. Ne2 $146 ({Predecessor:} 11. h4 g4 12. h5 Nc6 {0-1 (46) Druska,J (2395)-Markos,J (2590) Slovakia 2015}) 11... Nc6 12. Nc3 Bb4 13. h4 Rg8 ({Black should play} 13... Bxc3+ $11 14. bxc3 g4) 14. hxg5 (14. Kd2 $14) 14... hxg5 (14... Bxc3+ $1 $11 15. bxc3 hxg5) 15. Rh7 (15. Kd2 $14) 15... Bd7 $11 16. Be2 Rc8 17. Bh5 Nd8 18. Kd2 Bc6 19. a3 Bxc3+ 20. bxc3 Bd5 21. Re1 Rc7 22. f3 exf3 23. gxf3 ({Much weaker is} 23. Bxf3 Bxf3 24. gxf3 Rc5 $17) 23... Nc6 24. Rg1 Kf8 25. Kc1 b6 26. Bf2 (26. Rd1 $5 {[%cal Rd1d5]} Rg7 27. Rh8+ Rg8 28. Rh7 $11) 26... Rd7 27. Be3 Nxe5 28. Bxg5 {[#] Black must now prevent Bh6+.} Ke8 29. Rg3 Bxf3 (29... Rb7 {with more complications.} 30. Bh4 Rxg3 31. Rh8+ Rg8 32. Rxg8+ Kd7) 30. Bxf3 Rxg5 $1 ({Don't go for} 30... Nxf3 $2 31. Bh4 $18) 31. Rxg5 Nxf3 {[%mdl 4096] Endgame KRR-KRN} 32. Rg8+ Ke7 33. Rhh8 Ne5 34. Re8+ Kd6 35. Rd8 f5 36. a4 a5 37. Rb8 (37. Rde8 $5 {[%cal Rh8h1]}) 37... Kc5 38. Rbc8+ Nc6 39. c4 Rd6 {The position is equal.} 40. Rh3 Rd8 41. Rc7 Rd4 42. Re3 Kd6 43. Rb7 Rxc4 44. Rxb6 e5 (44... f4 $5 {[%cal Rf4e3]} 45. Rd3+ Kc7 $11) 45. Kd2 f4 ({Not} 45... Rxa4 $2 46. Rc3 $18) 46. Rc3 Rxc3 47. Kxc3 {[#] Hoping for Kd3.} Kd5 48. Kd2 e4 {Precision: White = 43%, Black = 55%.} 1/2-1/2

[Event "EICC 2017"]
[Site "Minsk"]
[Date "2017.06.09"]
[Round "10"]
[White "Sturua, Zurab"]
[Black "Kozul, Zdenko"]
[Result "1-0"]
[WhiteElo "2555"]
[BlackElo "2617"]
[Annotator "TA"]
[PlyCount "89"]
[EventDate "2017.??.??"]
[EventCountry "BLR"]
[SourceTitle "playchess.com"]
[Source "ChessBase"]
[SourceQuality "1"]

{[%evp 18,89,-22,-19,28,18,43,47,69,58,59,60,49,18,58,55,58,57,58,62,68,56,64,40,85,72,72,68,93,85,91,77,78,78,98,102,102,88,85,82,91,93,87,87,93,79,79,89,92,67,74,38,39,39,63,63,64,64,69,10,93,93,199,199,208,203,284,283,418,415,388,398,689,433]} 1. Nf3 Nf6 2. g3 b6 3. Bg2 Bb7 4. O-O g6 5. c4 Bg7 6. d4 O-O 7. Nc3 Ne4 8. Nxe4 Bxe4 9. d5 {A50: Queen's Fianchetto Defence (1 d4 Nf6 2 c4 b6)} (9. Be3 c5 10. Qd2 d6 11. Rac1 Nd7 12. Rfd1 Nf6 13. Bh6 Qc7 14. Bxg7 Kxg7 15. Ne1 Rad8 16. f3 Bb7 17. d5 b5 18. b3 bxc4 19. bxc4 e5 {1-0 (56) Zherebukh,Y (2632)-Ipatov,A (2662) Saint Louis 2017}) 9... c6 10. Bh3 {[#] LiveBook: 3 Games. Hoping for Ng5.} Bxf3 11. exf3 {White has an edge.} cxd5 12. cxd5 e6 13. f4 $146 ({Predecessor:} 13. Rb1 Na6 14. Bf4 Rc8 15. Bd6 Re8 16. f4 Nc7 17. dxe6 dxe6 {0-1 (32) Roe,S (2275)-Osborne,M (2245) North Shields 2012}) 13... Na6 14. Bg2 Rb8 15. Qe2 Nc5 16. Be3 a5 17. Rad1 Qf6 18. Rd2 Qf5 19. Rfd1 h5 20. h3 Rfc8 21. dxe6 dxe6 22. b3 h4 23. g4 Qf6 24. Bf3 Rd8 25. Kg2 Rxd2 26. Qxd2 Qe7 27. Qd6 Qxd6 28. Rxd6 Bf8 29. Rc6 a4 30. bxa4 Nxa4 31. f5 gxf5 32. gxf5 exf5 33. Bd5 {Strongly threatening Rf6.} Bc5 34. Bg5 {Bf6 is the strong threat.} Nc3 35. Bb3 Ne4 36. Bxh4 Rb7 37. f3 Nd2 38. Bf2 ({White should play} 38. Bc2 $14) 38... f4 (38... Nxb3 $11 {keeps the balance.} 39. axb3 Kg7) 39. Bd5 $16 Re7 (39... Rd7 $16 {was necessary.} 40. Bxc5 Rxd5 41. Bxb6 Rg5+ 42. Kf2 Rg3) 40. Bxc5 $18 bxc5 41. Kf2 Re5 42. Rxc5 Kf8 (42... Kg7 $142 43. Rb5 Nb1) 43. a4 Ke7 {[#] ...Kd6 would now be nice for Black.} 44. Rb5 $1 Nb1 $2 (44... Re3 45. h4 Ra3) 45. Bxf7 {Precision: White = 57%, Black = 48%.} 1-0

[Event "EICC 2017"]
[Site "Minsk"]
[Date "2017.06.09"]
[Round "10"]
[White "Kunin, Vitaly"]
[Black "Fedorchuk, Sergey A"]
[Result "1-0"]
[WhiteElo "2551"]
[BlackElo "2621"]
[Annotator "TA"]
[PlyCount "109"]
[EventDate "2017.??.??"]
[EventCountry "BLR"]
[SourceTitle "playchess.com"]
[Source "ChessBase"]
[SourceQuality "1"]

{[%evp 16,109,28,31,31,28,27,8,0,0,1,0,0,-7,-7,-42,-32,-37,-48,-37,-41,-34,-45,-45,-18,-44,-20,-44,23,13,21,30,29,12,33,22,20,16,24,33,57,41,85,92,158,160,152,141,174,166,325,260,244,259,252,258,245,243,238,238,296,272,256,261,298,287,376,373,339,327,447,447,440,439,400,408,383,350,1416,1366,1429,1306,2529,2260,2279,4482,2410,2338,29986,29987,29987,29988,29988,29989,29989,29988]} 1. c4 Nf6 2. Nc3 e5 3. g3 Bc5 4. Bg2 Nc6 5. e3 d6 6. a3 {A25: English Opening vs King's Indian with ...Nc6 but without early d3} a6 7. b4 Ba7 8. Bb2 O-O 9. Nge2 {LiveBook: 8 Games} Re8 10. O-O Bf5 11. d3 Qd7 12. Nd5 Nxd5 13. cxd5 Ne7 14. Rc1 {[#]} Bh3 $146 15. Bxh3 Qxh3 16. e4 c6 17. dxc6 Nxc6 {Threatens to win with ...Re6.} 18. Kh1 Rad8 19. Qb3 h5 (19... d5 $5) 20. Ng1 Qg4 21. Kg2 d5 ({Better is} 21... h4 $15) 22. exd5 $11 Ne7 23. Bxe5 Nxd5 24. Rce1 $1 Qe6 (24... Kh7 $5 {[%cal Rf7f6]}) 25. Qd1 Qc6 {[%cal Rd5f4]} 26. Qf3 Re6 {Threatening ...Qe8.} 27. Rc1 {[%cal Be1c1,Bc1c4,Bc4h4,Bh4g4][%mdl 32]} Qb5 28. Ba1 $1 ({Wrong is} 28. Qxh5 $2 Nf6 $19) 28... Rg6 29. Rc4 $40 {[%mdl 128] White wants a kill.} Rg5 ({Black should try} 29... Ne7) 30. Nh3 $16 Rg6 31. Rfc1 Qd7 {[#]} 32. Rh4 $1 ({But not} 32. Qxh5 $6 Be3) 32... Qe7 $2 (32... Rh6 33. Rxh5 Rxh5 34. Qxh5 f6) 33. Qxh5 {[%csl Gh4][%cal Rh5h8]} Rh6 {[#]} 34. Qxh6 $1 {[%mdl 512]} gxh6 {[#]} 35. Rg4+ $1 Kf8 36. Bg7+ Ke8 37. Re4 Rd6 {Hoping for ...Re6.} 38. Rxe7+ Kxe7 39. Re1+ Kd7 40. Bf8 Rg6 41. Re5 Kc6 42. Rxd5 Kxd5 $18 {[%mdl 4096] Endgame KRB-KBN} 43. Nf4+ Kd4 44. Nxg6 fxg6 45. Bxh6 Kxd3 {KB-KB} 46. Kf3 b5 $2 (46... Bd4 47. h4 Bb2) 47. h4 Bd4 48. g4 {[%cal Bg3g4,Bg4h5,Bh5h6,Bh6h7][%mdl 32]} Kc4 49. Ke4 Bxf2 50. h5 gxh5 51. gxh5 Be1 52. Bf4 {White mates.} a5 53. h6 axb4 54. axb4 Bxb4 55. h7 {Precision: White = 85%, Black = 38%.} 1-0